Statistics for What country were this picture taken in?

Click here to take the quiz!

General Stats

  • This quiz has been taken 20 times
  • The average score is 6 of 12

Answer Stats

Answer% Correct
France
88%
Japan
88%
Tanzania
75%
USA
75%
Nepal
50%
New Zealand
50%
Turkmenistan
50%
UK
50%
Colombia
38%
Estonia
38%
Denmark
25%
Zimbabwe
13%

Score Distribution

Percentile by Number Answered

Percent of People with Each Score

Your Score History

You have not taken this quiz